000 00322nam a22001337a 4500
008 170620b xxu||||| |||| 00| 0 eng d
020 _a0312634099
041 _aeng
080 _a323
100 _a20
101 _aSJP
245 _aPOWER CAPITALIST SOCIETY THEOTY EXPLANATIONS AD CASE
_cCOX.A
942 _2udc
_cBK
999 _c18293
_d18293